Países de América anglosajona - Estadísticas

Estadísticas generales
  • Esta prueba ha sido intentada 67 veces
  • La puntuación promedio es 10 de 13
Estadísticas de respuestas
País % Correcto
Estados Unidos
97%
Canadá
92%
Jamaica
85%
Belice
82%
Bahamas
78%
Barbados
73%
Antigua y Barbuda
72%
Santa Lucía
70%
Trinidad y Tobago
70%
San Cristóbal y Nieves
68%
Dominica
65%
Granada
65%
San Vicente y las Granadinas
65%
No se encontraron pruebas coincidentes
Distribución de puntuación
Porcentaje de gente con cada puntuación
Porcentaje por número respondido
Historial de tus puntuaciones
No has intentado esta prueba.